[Event "Karpov-Piket Match"]
[Site "Monte Carlo"]
[Date "1999.02.22"]
[Round "2"]
[White "Karpov, Anatoly"]
[Black "Piket, Jeroen"]
[Result "1/2-1/2"]
[WhiteElo "2710"]
[BlackElo "2619"]
[Annotator "Ribli,Zoltan"]
[PlyCount "90"]
[EventDate "1999.02.21"]
[EventType "match"]
[EventRounds "8"]
[EventCountry "MNC"]
[SourceTitle "CBM 070"]
[Source "ChessBase"]
[SourceDate "1999.06.08"]
[SourceVersion "1"]
[SourceVersionDate "1999.06.08"]
[SourceQuality "1"]

{[%mdl 2052]} 1. d4 {Ribli,Zoltan Piket} Nf6 2. c4 e6 3. Nf3 d5 4. Nc3 dxc4 5. e4 {Das ist die prinzipielle Fortsetzung und gegen Piket ist es besonders wichtig, so zu spielen, um ihn nach 5.g5 c6 nicht in die von ihm gern gespielte Botwinnik-Variante zu lassen. Ribli.} Bb4 6. Bg5 c5 7. Bxc4 cxd4 8. Nxd4 {In der letzten Zeit ist die Fortsetzung 8...a5 sehr populär und in einigen Varianten ist es für Schwarz günstig, daß er noch nicht xc3 gespielt hat.} Bxc3+ 9. bxc3 Qa5 10. Nb5 {Karpovs Lieblingsvariante ist eigentlich ein Bauernopfer. Die Alternativen sind 10.xf6 und 10.b5.} Nxe4 (10... Bd7 11. Nd6+ Ke7 12. Qd2 { f4, e5} Bc6 13. f4 Nbd7 14. Rd1 $1 Rhd8 15. Qd4 $1 h6 16. Bh4 Qh5 17. Bf2 $1 Kf8 18. e5 {1-0 Karpov,A-Timman,J/Arnhem (m/6) 1993/[Karpov,An] (33)}) (10... O-O 11. Bxf6 gxf6 12. Qg4+ Kh8 13. Rd1 Nd7 14. Qh4 Qd8 15. Nd6 Qe7 16. f4 Rg8 17. O-O Nb6 18. Rf3 Nxc4 19. Rh3 Rg7 20. e5 Nxd6 21. exf6 {1-0 Bacrot,E-Magem Badals,J/Pamplona 1998/CBM 63_04 (21)}) (10... a6) 11. Bf4 (11. Qd4 O-O 12. Qxe4 a6 13. Be7 axb5 14. Bb4 Qc7 15. Bxb5 Bd7 16. Bd3 g6 17. O-O Re8 {½-½ Karpov,A-Timman,J/Amsterdam (m/8) 1993/[Karpov,An] (28)}) ({RR} 11. Qd4 O-O 12. Qxe4 a6 13. Be7 axb5 14. Bb4 Qc7 15. Bxb5 Bd7 16. Bd3 g6 17. O-O Re8 18. Qe3 Nc6 19. Bc5 Ne7 20. Be4 Nf5 21. Bxf5 exf5 22. Qd4 Re4) 11... O-O 12. O-O Nd7 {Piket folgt dem Spiel seines Landsmanns Timman (Karpov,A - Timman m/14 Jakarta1993).} (12... Bd7 13. a4 (13. Nc7 e5 14. Nxa8 exf4 15. Qd5 Nc5 $13 {[%csl Ra8]}) ({RR} 13. Bc7 b6 14. a4 a6 15. Ra2 axb5 16. axb5 Qxc3 17. Rxa8 Qxc4 18. Bd6 ({RR} 18. Bxb8 Bxb5 19. Re1 Bc6) 18... Nxd6 19. Qxd6 Qd5) ({RR} 13. Nc7 e5 14. Nxa8 exf4 15. Qd5 Nc5) 13... Bc6 ({RR} 13... Bxb5 14. axb5 Qxc3 15. Qe2) 14. Qg4 ({RR} 14. Qg4 Nf6 15. Qe2 a6 16. Nc7 Ra7 17. Qe3 b6 18. Nxe6 Nd5 19. Qg3 fxe6 20. Bxb8) ({RR} 14. f3 Bxb5 15. axb5 Qb6+ 16. Qd4 Qxd4+ 17. cxd4 Nf6) ({RR} 14. Qd4 Na6) ({RR} 14. Be5 Nd7 15. Bc7 b6) 14... Nf6 15. Qe2 a6 16. Nc7 Ra7 17. Qe3 $1 b6 {} 18. Nxe6 $1 Nd5 19. Qg3 fxe6 20. Bxb8 Raf7 21. Bd6 {1-0 Karpov,A-Lautier,J/Biel 1997/Inf 70/[Karpov,An] (40)}) ({RR} 12... Bd7 13. a4 Bc6 14. Bc7 b6 15. Bd6 Nxd6 16. Qxd6 a6 17. Nc7 Qg5 ({RR} 17... Ra7 18. Nxe6 fxe6 19. Bxe6+ Raf7 20. Rab1) 18. Qg3 ({RR} 18. g3 Qf6 19. f3 Ra7) 18... Qxg3 19. fxg3 Ra7 20. Nxe6 Rc8 ({RR} 20... fxe6 21. Bxe6+ Raf7 ({RR} 21... Rff7 22. Rad1) 22. Rad1 ({RR} 22. Rxf7 Rxf7 23. Rf1 Be8 24. Bxf7+ Bxf7 25. Rd1 Nc6 26. Rb1 b5 27. axb5 Bg6 28. Rb3 axb5 29. Rxb5) 22... Nd7 23. a5 bxa5 24. Rd6 Ba4 ({RR} 24... Bb5 25. c4 Ba4 26. Rxa6) 25. Rxa6) 21. Ng5 Be8 22. Rae1 h6 23. Rxe8+ Rxe8 24. Rxf7 ({RR} 24. Bxf7+ Rxf7 25. Nxf7 Re3 ({RR} 25... Re6 26. Nd8 Rd6 27. Nf7 Re6 ({RR} 27... Rc6 28. Ne5 Rxc3 29. Rb1)) 26. c4 Nd7 27. Nd6 Nc5) 24... Rxf7 25. Bxf7+ Kf8 26. Bxe8 Kxe8 27. Ne6 {Karpov,A (2693)-Aronian,L (2649) Hoogeveen 2003 CBM 098 [Ribli,Zoltan] ½-½ (41)} ({RR} 27. Nf3 Nd7) ({RR} 27. Ne4 Nd7 28. Kf2 Ke7 29. Ke3 Ke6)) ({RR} 12... Nc6 13. Qf3 ({RR} 13. Bc7 b6 14. Qf3 ({RR} 14. a4) 14... f5 15. Rfe1 a6) 13... e5 14. Qxe4 exf4 15. Rfe1 Be6 16. Bxe6 Qxb5 17. Bd5) 13. Re1 $1 $44 {Karpov} (13. Nc7 $4 e5 $19 14. Nxa8 exf4 15. Bd5 Ndf6 $1 16. Bxe4 Nxe4 17. f3 Nxc3 $4 (17... Rd8 18. Qe1 Qc5+ 19. Kh1 Nf6 20. Qf2 Qxf2 21. Rxf2 Bd7 $19) 18. Qd6 Nd5 $2 (18... Nb5 $15) 19. Rac1 {1-0 Karpov,A-Timman,J/Jakarta (m/14) 1993/[Timman,J] (53)}) ({RR} 13. Nc7 e5 14. Nxa8 exf4) 13... Ndf6 (13... Nxc3 $6 14. Qd2 {[%csl Rc3]} Nb6 15. Bd3 Nbd5 16. Be5 $16) 14. a4 $146 {'!' Piket. Weiß festigt seine Springerstellung auf b5 und verhindert das schwarze Befreiungsmanöver ...a6 / ...b5.} (14. Be5 {Piket} a6 15. Rxe4 Nxe4 16. Qg4 f6 (16... g6 17. Qxe4 axb5 18. Qf4 f6) 17. Bc7 f5) (14. Qd4 $5 {Piket}) ({RR} 14. Bc7 b6 15. Qd4 Ba6 16. a4 Bxb5 17. Bxb5 Qxc3 18. Qxc3 Nxc3 19. Ba6 Ncd5 20. Bd6 Rfe8 21. Rac1 Rad8 22. Ba3 e5 23. g3 e4 24. Rc2 h5 25. Bb5 Re6 26. Rd2 Rc8 27. Red1 e3 28. fxe3 Rxe3 {Pert,N (2488)-Wells,P (2485) Halifax 2003 0-1 (59)}) ({RR} 14. Bc7 b6 15. Qd4 Ba6 16. a4 Bxb5 17. Bxb5 Qxc3 18. Qxc3 Nxc3 19. Ba6 Ncd5) 14... b6 (14... a6 15. Nc7 Qc5 {[%cal Rc5f2,Rc5c4]} (15... Rb8 16. Nxa6 Ra8 17. Nc7 $16) (15... e5 {Piket} 16. Nxa8 exf4 (16... Bg4 $5 17. f3 exf4 18. fxg4 (18. Qd4 $1 Bxf3 19. gxf3 Ng5 20. Kf2 Rxa8 (20... Nxf3 21. Kxf3 Qh5+ 22. Kg2 Qg4+ 23. Kf1 Qh3+ 24. Ke2) 21. Re5) 18... Rd8 19. Bxf7+ Kf8) 17. Qd4 Rd8 (17... Qg5 18. Rxe4 Bh3 19. g3 Nxe4 20. Qxe4 Rxa8 21. Bxf7+ (21. Qxb7)) (17... Bh3 18. gxh3 Qg5+ (18... Rd8 19. Rxe4)) 18. Qb6) 16. Qd4 $44 (16. Qd4 Qxd4 17. cxd4 Ra7 18. a5 (18. d5 exd5 19. Bxd5 Nc5 20. a5 (20. Bd6 b6 21. a5 Rxc7)) 18... Bd7 19. d5 (19. Rac1 $1 Bc6 20. f3 $16) 19... exd5 20. Bxd5 Nxd5 21. Nxd5 Nf6 22. Nb6 Be6 23. Rad1)) (14... e5 $5 {Piket} 15. Bxe5 a6 16. Bxf6 (16. Bc7 b6 17. Nd6 Nxf2 (17... Qc5 18. Nxe4 Nxe4 19. Rxe4 Qxc7 20. Qe2 $14) (17... Nxc3 18. Qd4 Ncd5 19. Re5 Be6 20. Bxd5 Nxd5 21. Nf5 $18) 18. Qd4) 16... Nxf6 17. Nd6 Qc7 18. Qd4 (18. Bxf7+ Rxf7 19. Nxf7 Kxf7 (19... Qxf7 20. Qd8+ Qf8 21. Qc7) 20. Qb3+) 18... Bg4 19. f3 Rad8 20. Rad1 Bh5 21. g4 Bg6 (21... Ne8 22. Nxe8 Rxd4 23. Nxc7 Rxc4 24. Rd7 Bg6 25. Nd5)) 15. f3 (15. Nd6 {Piket} Nxd6 (15... Nxc3 $5) 16. Bxd6 Re8 $2 (16... Rd8 17. Bb4 Rxd1 18. Raxd1 (18. Rexd1 Ba6 19. Bxa5 Bxc4 20. Bb4 a5 (20... Nd5 21. a5 b5) 21. Rd4 Rc8 22. Bc5 Nd5 23. Rxc4 bxc5)) 17. Bb5) 15... Nc5 (15... Nxc3 16. Qd3 Ncd5 (16... Nxb5 $2 17. axb5 Qb4 18. Bd6 $18) 17. Bd2 {[%csl Ra5]} Qa6 18. Nc7 $14 {[%cal Rc7a8,Rc7a6]}) (15... a6 {Piket} 16. fxe4 axb5 17. Bxb5 (17. axb5 Qxa1 18. Qxa1 Rxa1 19. Rxa1 Nxe4 (19... Bb7 20. e5 Nd5 (20... Ne4 21. Ra7 Rb8 (21... Bd5 22. Bxd5 (22. Bd3 Nxc3 23. Be3) 22... exd5) 22. Be3 Bd5 23. Bxd5 exd5 24. Bd4 $16) 21. Bd2 Rc8)) 17... Ba6 (17... Bd7 18. Bd6 (18. c4 Bxb5 19. cxb5 Rfd8 20. Qb3 Rd4) 18... Rfc8 19. e5 Bxb5 20. exf6 Bxa4 21. Qg4 g6 22. Qf4 g5 23. Qg4 Qd5 24. Re5 Qxd6 25. Rxg5+ Kh8 26. Ra5 Qf8) 18. Bd6 Bxb5 19. Bxf8 Bxa4 20. Bb4 $16 Bxd1 (20... Qb5) 21. Bxa5 bxa5 22. Rexd1 Nxe4 23. Rxa5 Rc8 24. Re5 Nf6 25. Rc5) 16. Be5 {[%csl Ra5] Weiß hat lebendiges Figurenspiel und die schwarze Dame steht unglücklich auf a5.} a6 (16... Bb7 17. Bxf6 gxf6 18. Qd4 $40) (16... Ba6 {Piket} 17. Bxf6 gxf6 18. Qd4 Kg7 19. Qg4+ Kh8 20. Qh4 Kg7 21. Re3 Bxb5 22. f4 Ne4 23. Bxb5 f5 24. Rae1 (24. Rh3 $16)) 17. Nd6 $13 {[%csl Ra5]} (17. Nc7 $2 Ra7 $17) (17. Bxf6 {Piket} axb5 18. Be7 bxc4 19. Bxf8 Nd3 20. Bb4 Qa7 $15) (17. Nd4 {Piket} Bd7) 17... Ncd7 (17... Ne8 $5) (17... Rd8 $5) (17... Ne8 $5 {Piket} 18. Qd4 Nxd6 19. Bxd6) 18. Bd4 Qh5 (18... Qg5 $5) 19. Rb1 {Weiß steht mit allen Figuren aktiv und wenngleich er keine konkreten Drohungen aufstellt, hat Schwarz Probleme mit der Figurenkoordination.} Rb8 20. Qd2 {'!' Piket.} h6 21. Qf4 {[%csl Gd6,Gf4][%cal Gf4b8] Die weiße Dame steht sehr gut auf f4. In einigen Varianten hängt der Turm auf b8.} Bb7 (21... Qa5 22. Nxf7 Rxf7 23. Bxe6 $16 {[%csl Rb8,Gf4,Rf7,Rg8] Weiß hat eine sehr aktive Stellung.}) (21... Qg5 22. Qxg5 hxg5 23. Nxc8 Rbxc8 24. Bxa6 $14) (21... b5 {Piket} 22. axb5 axb5 23. Bxb5 Ra8 24. c4 Qg5 25. Qxg5 hxg5 26. c5 Ba6 27. c6) (21... Nd5 {Piket} 22. Qg3 Qg5 23. Qxg5 hxg5 24. Bxd5 exd5 25. Re7 $16) (21... Qg6 {Piket} 22. Rbd1 $1) 22. Nxb7 Rxb7 23. Bxa6 $14 {Jetzt steht Weiß bei materiellem Gleichgewicht mit seinem Läuferpaar besser.} Rbb8 24. Bb5 (24. Bd3 $5 {Piket  25. Rb5 Karpov}) 24... Rfc8 (24... Qg5 {Piket}) 25. Rbd1 {'!' Piket.} Nf8 $5 {'?!' Piket. Piket opfert einen Bauern und befreit sich von den Fesselungen.} (25... Qg5 {Piket} 26. Qxg5 hxg5 27. Be3 (27. h3)) 26. Bxf6 Ng6 (26... gxf6 {Piket} 27. Qxf6 Qc5+ 28. Kh1 Qxc3 29. Qxh6) 27. Qd4 gxf6 28. Qxf6 Rc5 $2 {[%csl Rc3]} (28... Qg5 29. Qxg5 hxg5 $14) (28... Qc5+ {Piket} 29. Kh1 Qxc3 30. Rd8+ $18) 29. Bd3 $2 {'?' Piket. Karpov findet die taktische Lösung nicht.} ({} 29. Rxe6 $1 fxe6 (29... Rf5 30. Rd8+ Nf8 (30... Kh7 {Piket} 31. Rxb8 Rxf6 $16 32. Rxf6 Qc5+ 33. Kf1 Kg7 34. Rc6 Qe3) 31. Ree8 (31. Rxb8 Rxf6 32. Rxf6 $18) 31... Rxf6 32. Rxf8+ Kg7 33. Rg8+ Kh7 34. Bd3+ $18) 30. Rd7 $18) 29... Ne5 $44 {Schwarz hat eine starke Springerstellung auf e5, aber bei gutem weißen Spiel ist das zuwenig Kompensation.} (29... Nh4 {Piket} 30. Kh1) 30. Bf1 Qg5 31. Qxg5+ hxg5 {Schwarz hat eine gesunde Stellung, und der weiße Mehrbauer ist kaum zu verwerten.} 32. Rb1 f6 {[%csl Rc3]} 33. Rb3 (33. Rb5 Rxb5 (33... Rxc3 34. a5 $16) 34. Bxb5 Kf7 $14) 33... Kf7 34. Re4 Rd8 35. Rd4 {'?' Piket.} (35. h4 $1 {Piket}) 35... Rdc8 (35... Rxc3 $1 {Piket}) 36. Rdb4 $6 (36. Rxb6 $5 Rxc3 37. Rdd6 $14) 36... Rxc3 37. Rxc3 Rxc3 38. Rxb6 Ra3 {[%csl Ga3] Der schwarze Turm steht ausgezeichnet, kontrolliert den a-Bauern und kann gleichzeitig die weiße Königsstellung angreifen.} 39. Rb7+ Kg6 40. Ra7 Ra1 $1 {[%csl Ga1][%cal Ga1g1,Ga1a4]} 41. a5 {'?' Piket.} (41. Kf2 Ra2+ 42. Kg3 (42. Be2 Nd3+ 43. Ke3 Nf4 $11) (42. Ke3 Ra3+) 42... f5 {'' Piket.} 43. a5 f4+ 44. Kh3 Ra3 $132 {[%cal Ga3h3]}) 41... Nc4 $11 {[%csl Ra5,Rf1][%cal Rc4d2,Rd2f1,Rc4e3,Re3f1] Schwarz gewinnt den Bauern zurück.} 42. Kf2 Rxa5 43. Re7 {[%cal Re7e6,Rf1c4] Weiß scheint Material zu gewinnen, aber Schwarz hat genügend Gegenspiel.} Ra2+ 44. Kg1 (44. Be2 {Piket} Kf5 (44... Ne5 45. g3 (45. Rxe6 $6 Nd3+ $1 46. Kg3 Nf4 47. Bf1 Ra1 (47... Nxe6 48. Bc4)))) (44. Kg3 {Piket} Ne3 $1 45. Bd3+ f5 46. Rxe6+ Kf7 47. Rxe3 f4+ 48. Kg4 fxe3 49. Bc4+ Kf6 50. Bxa2 e2) 44... Ra1 45. Kf2 (45. Rxe6 $2 Nd2 $19) 45... Ra2+ {Und es wurde Remis vereinbart.} 1/2-1/2

[Event "Hoogeveen Essent Crown"]
[Site "Hoogeveen"]
[Date "2003.10.14"]
[Round "3"]
[White "Karpov, Anatoly"]
[Black "Aronian, Levon"]
[Result "1/2-1/2"]
[WhiteElo "2693"]
[BlackElo "2649"]
[Annotator "Ribli,Zoltan"]
[PlyCount "82"]
[EventDate "2003.10.12"]
[EventType "tourn"]
[EventRounds "6"]
[EventCountry "NED"]
[EventCategory "18"]
[SourceTitle "CBM 098"]
[Source "ChessBase"]
[SourceDate "2004.02.03"]
[SourceVersion "1"]
[SourceVersionDate "2004.02.03"]
[SourceQuality "1"]

1. d4 Nf6 2. c4 e6 3. Nf3 d5 4. Nc3 dxc4 {Der junge armenische Großmeister spielt die sogenannte Wiener Variante des Damengambits, was zu lebhaftem Figurenspiel führt, mit scharfem taktischem Kampf.} 5. e4 {Das ist die prinzipielle Fortsetzung, aber 5.e3 ist auch möglich. Mit Übergang zum angenommenen Damengambit.} Bb4 6. Bg5 c5 7. Bxc4 cxd4 8. Nxd4 Bxc3+ 9. bxc3 Qa5 10. Nb5 {Das ist des Ex-Weltmeisters Lieblingsvariante. Die Alternativen sind 10.xf6 und hauptsächlich 10.b5+.} Nxe4 11. Bf4 {Der Läuferzug ist die prinzipielle Fortsetzung für Weiß, aber 10 Jahre früher spielte Karpov 1.d4, was zu interessantem taktischem Kampf führte, aber Weiß keinen Vorteil brachte.} (11. Qd4 O-O $1 12. Qxe4 a6 13. Be7 axb5 14. Bb4 Qc7 15. Bxb5 Bd7 16. Bd3 g6 17. O-O Re8 18. Qe3 Nc6 19. Bc5 Ne7 20. Be4 Nf5 21. Bxf5 exf5 22. Qd4 Re4 {½-½ Karpov,A-Timman,J/NED/INA 1993/CBM 36/[Ftacnik] (28)}) 11... O-O 12. O-O {Weiss hat einen Bauern weniger, aber er hat positionellen Druck am Damenflügel und das Läuferpaar.} Bd7 {Dieser Läuferzug ist eine gute Ausgleichmöglichkeit für Schwarz, aber die Springerzüge - 12...d7 und besonders 12...c6 kommen auch stark in Betracht.} (12... Nd7 13. Re1 $1 $44 {Karpov} (13. Nc7 $6 e5 14. Nxa8 exf4 $17 {1-0 Karpov,A-Timman,J/NED/INA 1993/CBM 36/[Ftacnik] (53)}) 13... Ndf6 14. a4 (14. Bc7 b6 15. Qd4 Ba6 16. a4 Bxb5 17. Bxb5 Qxc3 18. Qxc3 Nxc3 19. Ba6 Ncd5 {0-1 Pert,N-Wells,P/British Rapidplay, Halifax ENG 2003 (59)}) 14... b6 15. f3 Nc5 16. Be5 a6 17. Nd6 Ncd7 18. Bd4 Qh5 19. Rb1 $44 {½-½ Karpov,A-Piket,J/Monte Carlo 1999/CBM 70/[Ribli] (45)}) (12... Nc6 13. Qf3 (13. Bc7 b6 14. Qf3 (14. a4 {½-½ Khenkin,I-Schenk,A/France 2003/CBM 94(14)}) 14... f5 15. Rfe1 a6 {½-½ Epishin,V-Maksimenko,A/Graz 1998/EXT 99 (15)}) 13... e5 14. Qxe4 exf4 15. Rfe1 $5 $36 Be6 16. Bxe6 Qxb5 17. Bd5 {½-½ Shchekachev,A-Schenk,A/France 2003/CBM 95/[Ribli] (57)}) 13. a4 (13. Bc7 b6 14. a4 a6 15. Ra2 axb5 16. axb5 Qxc3 17. Rxa8 Qxc4 18. Bd6 (18. Bxb8 Bxb5 19. Re1 Bc6 $19) 18... Nxd6 19. Qxd6 Qd5 {0-1 Epishin,V-Richter,M/Nova Gorica 2000/CBM 74 ext (41)}) (13. Nc7 e5 14. Nxa8 exf4 15. Qd5 Nc5 $17) 13... Bc6 (13... Bxb5 14. axb5 Qxc3 15. Qe2 $44) 14. Bc7 $44 {Das ist Karpovs Verbesserung. Gegen Lautier war er erfolgreich mit 14.g4, aber ich glaube - er hatte Angst vor der möglichen häuslichen Verbesserung des Gegner, so weicht er von seiner eigenen Partie ab.} (14. Qg4 Nf6 15. Qe2 a6 16. Nc7 Ra7 17. Qe3 b6 18. Nxe6 $1 Nd5 19. Qg3 fxe6 20. Bxb8 $14 {1-0 Karpov,A-Lautier,J/Biel 1997/CBM 60/[Ribli] (40)}) (14. f3 Bxb5 15. axb5 Qb6+ 16. Qd4 Qxd4+ 17. cxd4 Nf6 {½-½ Nikolic,P-Gelfand,B/Monte Carlo 1999/CBM 69 ext (26)}) (14. Qd4 Na6 $13 {[%cal Ga8d8,Gd8d4]}) (14. Be5 Nd7 15. Bc7 b6 $13) 14... b6 15. Bd6 $1 {[%csl Ra5][%cal Gd6f8,Rd6b4,Rb4a5]} Nxd6 16. Qxd6 {[%csl Ra5,Gb5,Gd6]} a6 17. Nc7 Qg5 (17... Ra7 18. Nxe6 fxe6 19. Bxe6+ Raf7 20. Rab1 $36) 18. Qg3 (18. g3 $2 Qf6 {[%cal Rf6f3,Rc5h1]} 19. f3 Ra7 $17) 18... Qxg3 19. fxg3 Ra7 20. Nxe6 $1 $14 {[%mdl 512] Das ist die Pointe des weiße Spiels. Mit diesem Springeropfer bekommt er die Initiative.} Rc8 (20... fxe6 21. Bxe6+ Raf7 (21... Rff7 $2 22. Rad1 $18) 22. Rad1 (22. Rxf7 Rxf7 23. Rf1 Be8 24. Bxf7+ Bxf7 25. Rd1 Nc6 26. Rb1 b5 27. axb5 Bg6 28. Rb3 axb5 29. Rxb5 $14) 22... Nd7 23. a5 bxa5 24. Rd6 Ba4 (24... Bb5 25. c4 Ba4 26. Rxa6 $14) 25. Rxa6 $14) 21. Ng5 Be8 22. Rae1 {[%csl Gc4,Gg5][%cal Ge1e8,Gc4f7]} h6 {} 23. Rxe8+ Rxe8 24. Rxf7 (24. Bxf7+ Rxf7 25. Nxf7 Re3 (25... Re6 26. Nd8 Rd6 27. Nf7 Re6 $11 (27... Rc6 28. Ne5 Rxc3 29. Rb1 $14)) 26. c4 Nd7 27. Nd6 Nc5 $132) 24... Rxf7 $146 25. Bxf7+ Kf8 26. Bxe8 Kxe8 27. Ne6 {[%mdl 4096] Im Springerendspiel Weiss hat einen Bauern mehr, aber das Material ist reduziert, so Schwarz hat gute Remischancen.} (27. Nf3 $2 Nd7 $15 {[%csl Ra4][%cal Gd7c5,Gc5a4]}) (27. Ne4 Nd7 28. Kf2 Ke7 29. Ke3 Ke6 $14) 27... Kf7 28. Nc7 a5 {[%cal Gb8d7,Gd7c5,Gc5a4] Mit diesem Zug Schwarz vorbereitet die Moeglichkeit 29...d7 - er moechte endlich seinen Springer entwickeln.} 29. Kf2 Nd7 30. Ke3 Nc5 31. Kd4 Nxa4 32. Nd5 b5 $5 {Mit diesem Zug Schwarz moechte die Stellung vereinfachen und das Remis erzielen.} (32... Ke6 33. c4 Kd6 34. g4 Nc5 (34... Kc6 35. Ne7+ Kd7 36. Nf5 Nc5 37. Nxg7 Ne6+ 38. Nxe6 Kxe6 39. h4 $18) 35. Nxb6 a4 36. Nd5 a3 37. Nb4 $14) 33. Nc7 b4 34. cxb4 axb4 35. Kc4 Nc3 36. Kxb4 Ne4 $11 {Wegen seinen Doppelbauern auf der g-Linie Weiss kann nicht seinen Materialsvorteil entwerten. Anderseits +3 gegen +2 in einem fluegel waere gewoenlich auch Remis.} 37. Nb5 Nd2 38. Nd4 Nf1 39. Nf3 Kf6 {[%cal Gf6f5,Gf5g4]} 40. Kc4 (40. g4 Ne3 $11) 40... Kf5 41. Kd3 Kg4 (41... Kg4 42. Ke2 Nxh2 43. Nxh2+ Kxg3 $11) 1/2-1/2

[Event "Amsterdam Euwe Memorial"]
[Site "Amsterdam"]
[Date "1987.??.??"]
[Round "?"]
[White "Timman, Jan H"]
[Black "Karpov, Anatoly"]
[Result "1/2-1/2"]
[WhiteElo "2590"]
[BlackElo "2710"]
[PlyCount "111"]
[EventDate "1987.05.??"]
[EventType "tourn"]
[EventRounds "6"]
[EventCountry "NED"]
[EventCategory "16"]
[SourceTitle "CBM 003"]
[Source "ChessBase"]
[SourceDate "1988.04.01"]
[SourceVersion "1"]
[SourceVersionDate "1988.04.01"]
[SourceQuality "1"]

1. d4 {ChessBase} Nf6 2. c4 e6 3. Nf3 d5 4. Bg5 dxc4 5. Nc3 Bb4 6. e4 c5 7. e5 cxd4 8. Qa4+ Nc6 9. O-O-O h6 10. exf6 hxg5 11. fxg7 Rg8 12. Nxd4 Bxc3 13. bxc3 Qa5 14. Qxa5 $146 ({RR} 14. Nxc6 Qxc3+ 15. Kb1 bxc6 16. Qxc6+ Ke7 17. Qd6+ ({RR} 17. Qxa8 Qb4+) 17... Kf6 18. Rc1 Qe5 19. Qxe5+ Kxe5 20. Bxc4 Bb7 21. f3 Rxg7 22. Rhe1+ Kf6 23. Bb3 ({RR} 23. h3) 23... g4 24. Rc7 gxf3 25. Rxb7 fxg2 26. Rg1 Rh8 27. Ba4 Rxh2 28. Kc2 ({RR} 28. Ka1) 28... Rg4 {Jussupow,A (2645)-Tukmakov,V (2575) Minsk 1987 URS-ch [ChessBase] 0-1 (37)}) ({RR} 14. Qxc4 Bd7 15. Nb5 Rxg7 16. Qc5 O-O-O 17. Bc4 Qb6 18. Qxb6 axb6 19. Rhe1 Ne7 20. h3 Bxb5 21. Rxd8+ Kxd8 22. Bxb5 Nd5 23. Kc2 Kc7 24. Bc4 Nf6 25. g3 Rg8 26. Re3 Ne8 27. Bf1 Nd6 28. Kb3 Kd7 {Nikolic,P (2630)-Beliavsky,A (2645) Brussels 1988 ½-½ (42)}) ({RR} 14. Nxc6 Qxc3+ 15. Kb1 bxc6 16. Qxc6+ Ke7 17. Qd6+ Kf6 18. h4 Ba6 19. hxg5+ Kxg5 20. Rd5+ Kg6 21. Bd3+ {1-0 (21) Malakhatko,V (2621)-Perez Felipe,M (2238) La Laguna 2008}) ({RR} 14. Qxc4 Bd7 15. Nb5 Rxg7 16. Nd6+ Ke7 17. Nxb7 Qa3+ 18. Kc2 Ne5 19. Qc5+ Qxc5 20. Nxc5 Bc6 21. h3 Rh8 22. Rg1 g4 23. hxg4 Rxg4 24. Rd4 Rhg8 25. Rxg4 Nxg4 {½-½ (25) Nikolic,P (2620)-Ljubojevic,L (2625) Tilburg 1987}) 14... Nxa5 15. h4 g4 16. h5 Rxg7 17. h6 Rh7 18. Be2 b6 19. Bxg4 Bb7 20. Nf3 Ke7 21. Ng5 Rhh8 22. h7 Bxg2 23. Rh6 Bc6 24. f4 Be8 25. f5 exf5 26. Bxf5 Rd8 27. Re1+ Kf8 28. Be4 Kg7 29. Rh2 Rd6 30. Rg1 Kf8 31. Rhg2 Ke7 32. Nh3 Bd7 33. Nf4 Rh6 34. Rg7 Kf6 35. Rg8 R8xh7 36. Bxh7 Rxh7 37. Re1 Bc6 38. Rd8 Rh4 39. Rd6+ Kg7 40. Rg1+ Kf8 41. Rd4 Rh2 42. Rd2 Rh6 43. Rf2 Ke7 44. Re1+ Kd7 45. Ne2 Bd5 46. Rd1 Rd6 47. Nd4 Be6 48. Rh1 a6 49. Rh8 Bd5 50. Rd2 Kc7 51. Nf5 Rd7 52. Ng7 Kc6 53. Rh6+ Rd6 54. Rxd6+ Kxd6 55. Ne8+ Kc6 56. Nf6 1/2-1/2